000 00880 a2200217 4500
001 54549
005 20260407155819.0
008 260407a1985 arg spa d
003 AR-UNSa-BCEJYS
040 _aAR-UNSa-BCEJYS
_bspa
_cAR-UNSa-BCEJYS
080 _a330
_xEconomía en general
245 1 0 _aEconomía para no economistas
020 _a950-0109-29-0
264 1 _aBuenos Aires :
_bTesis
_c1985
300 _axxii, 298 p.
_c20 cm.
505 _a1. Procesos económicos: generalidades – 2. Dinero, precios e interés – 3. Nomenclatura del macroanálisis – 4. Nomeclanclatura del microanálisis – 5. Terminología esotérica – 6. Procesos económicos atípicos – 7. La economía como ciencia: primeros pasos – 8. Keynesianismo monetarismo
041 _aspa
942 _cBK
590 _aniveau_biblio:m niveau_hierar:0
100 1 _aFernandez Pol, Jorge E.
999 _c5629
_d5629